| 000 | 00730nam a2200217 a 4500 | ||
|---|---|---|---|
| 001 | 000029340 | ||
| 003 | DO-SdBNP | ||
| 005 | 20220401083024.0 | ||
| 007 | ta | ||
| 008 | 110414s1949 dr 000 0 spa d | ||
| 040 |
_aDO-SdBNP _bspa _cBNPHU |
||
| 049 | _aBNPD | ||
| 082 | 4 | _b22 | |
| 245 | 0 | 0 | _aÍndice general por autores y temas de los análes de la Universidad de Santo Domingo (año 1937 a 1947). |
| 260 |
_aCiudad Trujillo, República Dominicana : _bUniversidad de Santo Domingo, _c1949. |
||
| 300 |
_a77 p. ; _c24 cm. |
||
| 490 | 1 |
_aPublicaciones de la Universidad de Santo Domingo _v67 |
|
| 590 | _aInventariado, 2022/BT | ||
| 830 | 0 |
_aPublicaciones de la Universidad de Santo Domingo _n67 _956218 |
|
| 942 |
_2ddc _cLBS1 |
||
| 999 |
_c28832 _d28832 |
||